000 00552nam a2200241 a 4500
001 nice12345678
003 IN_TiNIC
005 20260116011256.0
008 050524s1958 bosa grp 000 0 eng
020 _a
_c0
082 0 0 _a270
_bSOH
100 _aSohm, Rudolf
245 _aOutlines of Church History
260 _aBoston
_bBeacon Press
_c1958
300 _a260p
500 _aincludes index and biblioraphy
505 2 _aIndex
650 _aChurch-History
700 1 _aSohm, Rudolf
902 _bSRS
942 _cBK
999 _c95
_d95